000 00766nas a2200217 4500
001 45077
021 _b422041/17
090 _a45077
100 _a20161024a20169999m y0pory50030103ba
101 0 _apor
102 _aPT
200 1 _aULisboa
_erevista da Universidade de Lisboa
_fUniversidade de Lisboa - Área de Arquivo, Documentação e Publicações
_gdir. António M. Feijó ... [et al.]
210 9 _aLisboa
_cImprensa da Universidade de Lisboa,
_d2016-
215 _d26 cm
_av.
675 _a37(05)
675 _a378(469.411)(05)
_vBN
_zpor
702 1 _aFeijó,
_bAntónio M.,
_f1952-
_4300
712 0 2 _aUniversidade de Lisboa
801 0 _aPT
_bBN
_gRPC
856 4 1 _uhttp://rnod.bnportugal.gov.pt/ImagesBN/winlibimg.aspx?skey=&doc=1945718&img=93447&save=true
990 _cPERIODICOS